| 000 | 00499nam a22001577a 4500 | ||
|---|---|---|---|
| 003 | NUST | ||
| 038 | _aNusrat Nadeem | ||
| 082 | _a200 | ||
| 100 |
_aAkram, Nauman _9130494 |
||
| 245 |
_aDisguise Detection in Handwritten Signatures using Deep Learning/ _cNauman Akram, |
||
| 264 |
_aIslamabad: _bSEECS NUST. _c2025. |
||
| 650 |
_aMS-Computer Science _926780 |
||
| 700 |
_aSupervisor: Dr. M Imran Malik _9130495 |
||
| 856 | _u http://10.250.8.41:8080/xmlui/handle/123456789/54385 | ||
| 942 |
_2ddc _cSC |
||
| 999 |
_c614690 _d614690 |
||